000 00718cam a2200265 a 4500
001 000005311
003 DO-SdBPM
005 20250110100052.0
007 000005311
008 990517s2004 sp 000|1 spa
020 _a8495501112
040 _aDO-SdBPM
_bspa
_cBPMSU
082 4 _a863.6
_bV632s 2004
_222
100 1 _aVicent, Manuel,
_d1936-
245 1 0 _aSon de mar /
_cManuel Vicent.
250 _a9a ed.
260 _a[Madrid] :
_bEdiciones Genrales,
_c2004.
300 _a304 p. ;
_c23 cm.
490 0 _aPunto de lectura ;
_a12/1
590 _aInventariado, 2025/VM
650 4 _aNovela espaƱola
650 4 _aLiteratura espaƱola
910 _aVMateo V. Contorl de calidad. BPMSU
942 _2ddc
_cBK
999 _c10545
_d10545